000 03515nam0a2200481 4500
001 RU\NLR\BIBL_A\011528900
005 20250630155318.0
020 _aRU
_b9742
_9Сводный каталог листовок первых лет Советской власти (25 октября (7 ноября) 1917 - 1925) Т.4 (Ч.2). Листовки советских, партийных, профсоюзных, комсомольских и других организаций губерний РСФСР
035 _a(NLR Aleph) 011528900
090 _a12135386
_c12135386
100 _a20171117d1920 |||y0rusy50 ca
101 0 _arus
102 _aRU
105 _ay z 000zy
135 _acrcn 024anaba
200 1 _aОбязательное постановление Президиума и Отдела управления Саранского исполкома: [Об обязательной поставке владельцами коров молока для госпиталей и больниц
_eлистовка
_fСаранский уезд. исполнительный комитет Советов]
210 _a[Саранск]
_cСаран. тип. Совета
_d[1920]
215 _a1 с.
_d30х18
300 _aПодписи: председатель Саранского уисполкома Кузнецов; товарищ председателя - заведующий Отделом управления Гринин; секретарь Исполкома Кутузов
300 _aГод изд. установлен по дате поступления обяз. экз.
325 _aКопия доступна в Электрон. б-ке РНБ
517 1 _aОб обязательной поставке владельцами коров молока для госпиталей и больниц
607 _aРСФСР
_jЛистовки
_xПолитика и управление
_y1917 - 1925
_92312782
_3RU\NLR\auth\6601609564
686 0 _aТ3(2)71-313,011
686 0 _aТ3(2Р-6Мо-2С)712-31,011
702 1 _4720
_7ca
_8rus
_aКузнецов
_cучастник установления советской власти, г.Саранск
_9200768
_3RU\NLR\AUTH\770200819
702 1 _4720
_7ca
_8rus
_aГринин
_bВ.
_cучастник установления советской власти, г.Саранск
_9200474
_3RU\NLR\AUTH\770200525
702 1 _4720
_7ca
_8rus
_aКутузов
_cучастник установления советской власти, г.Саранск
_9200875
_3RU\NLR\AUTH\770200926
710 0 2 _aСаранский уездный исполнительный комитет Советов
_bПрезидиум
_9596811
_3RU\NLR\AUTH\880467437
711 0 2 _aСаранский уездный отдел управления
_9596382
_3RU\NLR\AUTH\880467199
711 0 2 _aСаранский уездный исполнительный комитет Советов
_9457991
_3RU\NLR\AUTH\880395823
852 0 0 _aNLR
_bФЛ
_j45/86
856 0 _uhttps://vivaldi.nlr.ru/ll700001009/view
856 1 _uhttps://vivaldi.nlr.ru/ll700001009/cover
856 2 _uhttps://vivaldi.nlr.ru/ll700001009/text
942 _cBOOK
980 _aNB
981 2 1 _a(21) Листовки
_b(21) Листовки 1920 года